Salterio Español o Version parafrástica de los Salmos de David, de los Canticos de Moises, de otros Canticos ... (Record no. 152079)

MARC details
000 -LEADER
campo de control de longitud fija 01080nam a2200229 i 4500
001 - NÚMERO DE CONTROL
campo de control 152079
003 - IDENTIFICADOR DE NÚMERO DE CONTROL
campo de control ES-MaACL
005 - FECHA Y HORA DE LA ÚLTIMA TRANSACCIÓN
campo de control 20251012173904.0
008 - DATOS DE LONGITUD FIJA--INFORMACIÓN GENERAL
campo de control de longitud fija 931025s1800 sp |||| | spa d
040 ## - FUENTE DE CATALOGACIÓN
Centro catalogador/agencia de origen Biblioteca Diocesana de Zamora. Catálogo de Fondo Antiguo
Lengua de catalogación spa
Centro/agencia transcriptor PAB
130 #0 - ENTRADA PRINCIPAL--TÍTULO UNIFORME
Título uniforme Biblia.
Nombre de parte o sección de la obra A.T.
-- Salmos.
Lenguaje de la obra Español.
9 (RLIN) 119277
245 10 - MENCIÓN DEL TÍTULO
Título Salterio Español o Version parafrástica de los Salmos de David, de los Canticos de Moises, de otros Canticos ...
Resto del título : para uso de los que no saben latin /
Mención de responsabilidad, etc. por el autor del Evangelio en triunfo.
260 ## - PUBLICACIÓN, DISTRIBUCIÓN, ETC.
Lugar de publicación, distribución, etc. En Madrid :
Nombre del editor, distribuidor, etc. [s.n.],
Fecha de publicación, distribución, etc. 1800 (
Fabricante en la imprenta de Don Joseph Doblado)
300 ## - DESCRIPCIÓN FÍSICA
Extensión XVIII, 492 [i.e. 493] p. ;
Dimensiones 4º.
594 #1 - Nota al título y mención de responsabilidad
Nota al título y mención de responsabilidad El autor de "El Evangelio en triunfo" es Pablo de Olavide y Jauregui.
597 #1 - NOTA DE DESCRIPCIÓN FÍSICA
NOTA DE DESCRIPCIÓN FÍSICA Sign.: A-Z\p4\s, 2A-2Z\p4\s, 3A-3S\p4\s.
597 #1 - NOTA DE DESCRIPCIÓN FÍSICA
NOTA DE DESCRIPCIÓN FÍSICA Error de pag., repite la p. 2.
700 1# - ENTRADA AGREGADA--NOMBRE PERSONAL
Nombre de persona Olavide, Pablo de,
Fechas asociadas al nombre 1725-1803
9 (RLIN) 174364
740 0# - ENTRADA AGREGADA--TÍTULO RELACIONADO/ANALÍTICO NO CONTROLADO
Título relacionado o analítico no controlado Version parafrastica de los Salmos de David.
852 ## - LOCALIZACIÓN
Ubicación ES-MaACL
Número de control de estantería R-1372
Nota libre -- Enc. pasta
Encuadernación Olim: G-13613
Holdings
Estatus retirado Estado de pérdida Estado de daño No para préstamo Biblioteca de origen Biblioteca actual Ubicación en estantería Fecha de adquisición Total de préstamos Signatura topográfica completa Código de barras Visto por última vez Precio de reemplazo Tipo de ítem Koha
        Biblioteca del Ateneo de Madrid Biblioteca del Ateneo de Madrid Depósito 17/01/2008   R-1372 1158747 23/02/2023 23/02/2023 Libro impreso antiguo